[Event "40th Olympiad Open"]
[Site "Istanbul TUR"]
[Date "2012.08.29"]
[Round "2.49"]
[Board "2"]
[White "Mueller, Leonhard"]
[Black "Mensing, Fabio"]
[Result "1/2-1/2"]
[WhiteTitle "FM"]
[WhiteElo "2166"]
[BlackElo "2088"]
[WhiteTeam "Namibia"]
[BlackTeam "Netherlands Antilles"]
[WhiteFideId "15200019"]
[BlackFideId "7500149"]
[EventDate "2012.08.28"]

1. g3 Nf6 2. c4 c5 3. Bg2 Nc6 4. Nc3 g6 5. Nf3 Bg7 6. d4 cxd4 7. Nxd4 Qb6 8. Nb3
d6 9. O-O Bd7 10. Bg5 Qd8 11. c5 d5 12. Qd2 Be6 13. Rfd1 O-O 14. Bxf6 Bxf6 15.
Nxd5 Bxd5 16. Bxd5 Qc7 17. Bxc6 Qxc6 18. Rac1 Qa4 19. Ra1 e6 20. Qf4 Qxf4 21.
gxf4 Bxb2 22. Rab1 Ba3 23. Rd7 Rab8 24. Rbd1 Rfc8 25. Re7 Bxc5 26. Nxc5 Rxc5 27.
Rdd7 Rf5 28. e3 a6 29. Kg2 b6 30. Kg3 Rf8 31. Rd6 Ra5 32. Rxb6 Rxa2 33. Ra7 a5
34. Rb5 a4 35. Rb4 a3 36. Rb3 Rc8 37. Rbb7 Rf8 38. Rb3 Kg7 39. Raxa3 Rxa3 40.
Rxa3 Rc8 41. Ra5 Rc1 42. Kg2 Kf6 43. h4 h5 44. Rb5 Rd1 45. Ra5 Rd7 46. Rb5 Re7
47. Re5 Ra7 48. Rb5 Ra4 49. Kg3 Ra1 50. Kg2 Rc1 51. Ra5 Rd1 52. Rb5 Rd7 53. Ra5
Re7 54. Re5 Kg7 55. Kg3 Ra7 56. Rb5 Kf8 57. Kf3 Ke7 58. Rc5 Kd6 59. Rb5 Rc7 60.
Ra5 Rb7 61. Ra6+ Ke7 62. Ra5 Kf6 63. Kg3 Rb1 64. Kg2 Rb4 65. Kf3 Rb1 66. Kg2 Rc1
67. Rb5 Ra1 68. Rc5 Rd1 69. Ra5 Rd7 70. Kf3 Re7 71. Re5 Rb7 72. Ra5 Rb1 73. Kg2
Rd1 74. Rb5 Rd7 75. Ra5 Re7 76. Re5 Ra7 77. Rb5 Ra1 78. Rc5 Ra7 79. Rb5 Re7 1/2-1/2

[Event "40th Olympiad Open"]
[Site "Istanbul TUR"]
[Date "2012.08.29"]
[Round "2.50"]
[Board "2"]
[White "Bomo, Kigigha"]
[Black "Mustafa, Wail"]
[Result "1-0"]
[WhiteTitle "CM"]
[WhiteElo "2046"]
[BlackElo "2075"]
[WhiteTeam "Nigeria"]
[BlackTeam "Palestine"]
[WhiteFideId "8500037"]
[BlackFideId "4672062"]
[EventDate "2012.08.28"]

1. c4 c5 2. Nf3 g6 3. Nc3 Bg7 4. g3 Nc6 5. Bg2 d6 6. O-O Nf6 7. d4 cxd4 8. Nxd4
Bd7 9. Nc2 O-O 10. Bd2 Qc8 11. Rc1 Bh3 12. Ne3 Bxg2 13. Kxg2 Qd7 14. b3 Rad8 15.
Ned5 Nh5 16. Be3 e6 17. Nf4 Nf6 18. h3 d5 19. cxd5 exd5 20. Bc5 Rfe8 21. Nb5 g5
22. Nd3 d4 23. Nd6 Re6 24. Nc4 Ne4 25. Kh2 Rh6 26. h4 gxh4 27. g4 h3 28. Ba3
Qxg4 29. Rg1 Qf5 30. f3 Nc3 31. Qd2 Rg6 32. Nf4 Bh6 33. Nxg6 hxg6 34. Qxh6 Nxe2
35. Qg5 Qxf3 36. Rgf1 Qg2+ 37. Qxg2 hxg2 38. Kxg2 Nxc1 39. Rxc1 d3 40. Kf2 Rd5
41. Ke3 Nd4 42. Bb2 Nc2+ 43. Ke4 Rd8 44. Rh1 f5+ 45. Ke5 b5 46. Nd6 Rd7 47. Rd1
Re7+ 48. Kf6 Re3 49. Nxb5 Nb4 50. Kxg6 f4 51. Bc1 Rg3+ 52. Kf5 f3 53. Kf4 Rg2
54. Bd2 f2 55. Rf1 Nxa2 56. Kf3 Rg7 57. Kxf2 Rb7 58. Rg1+ Kf8 59. Bh6+ 1-0

[Event "40th Olympiad Open"]
[Site "Istanbul TUR"]
[Date "2012.08.29"]
[Round "2.51"]
[Board "1"]
[White "Al-Hageri, Badr"]
[Black "Melas, Renos"]
[Result "0-1"]
[WhiteElo "2072"]
[BlackElo "2108"]
[WhiteTeam "Kuwait"]
[BlackTeam "Cyprus"]
[WhiteFideId "10300163"]
[BlackFideId "5900166"]
[EventDate "2012.08.28"]

1. e4 e6 2. d4 d5 3. Nc3 Bb4 4. e5 c5 5. a3 Bxc3+ 6. bxc3 Qc7 7. Qg4 f5 8. Qg3
cxd4 9. cxd4 Ne7 10. c3 O-O 11. Bd2 b6 12. Bd3 Ba6 13. Ne2 Bxd3 14. Qxd3 Nbc6
15. O-O Rac8 16. c4 dxc4 17. Qxc4 Qd7 18. Qa2 Nd5 19. Rfd1 h6 20. a4 a6 21. Rab1
Nce7 22. Qb3 Rc6 23. Bc1 Rfc8 24. Ba3 Nc3 25. Nxc3 Rxc3 26. Qb2 Nd5 27. a5 Rc2
28. Qa1 b5 29. Rb3 Nf4 30. Bc5 Qd5 31. Rf3 g5 32. Qb1 Ra2 33. h3 Rxa5 34. Kh2
Ra2 35. Re1 Kh8 36. Ree3 Rg8 37. Be7 Rc8 38. g3 Rcc2 39. Qe1 Nxh3 40. Bf6+ Kh7
41. Kxh3 g4+ 42. Kh4 gxf3 43. Qb4 Qd7 44. g4 Rxf2 45. gxf5 Rh2+ 46. Kg3 Rag2+
47. Kf4 f2 48. Rf3 Rh3 49. Qb1 Qxd4+ 0-1

[Event "40th Olympiad Open"]
[Site "Istanbul TUR"]
[Date "2012.08.29"]
[Round "2.52"]
[Board "1"]
[White "Sanches, Romario"]
[Black "Pinal, Nelson B"]
[Result "1/2-1/2"]
[BlackTitle "IM"]
[WhiteElo "2030"]
[BlackElo "2322"]
[WhiteTeam "Suriname"]
[BlackTeam "Dominican Republic"]
[WhiteFideId "8200211"]
[BlackFideId "3500594"]
[EventDate "2012.08.28"]

1. e4 c5 2. Nf3 e6 3. d4 cxd4 4. Nxd4 Nf6 5. Nc3 d6 6. Be2 Nc6 7. Be3 Be7 8. O-O
O-O 9. f4 Qc7 10. Bf3 Nxd4 11. Bxd4 e5 12. Be3 exf4 13. Bd4 Be6 14. Qd2 Nd7 15.
Qxf4 Ne5 16. Rad1 a6 17. Qg3 Rae8 18. Kh1 b5 19. a3 Bc4 20. Rg1 Bf6 21. Rge1 g6
22. Qf2 Bg7 23. Bb6 Qe7 24. b3 Be6 25. Bd4 Rc8 26. Rd2 Rc7 27. Ne2 Rfc8 28. Ng1
h5 29. Red1 Rc6 30. Re1 Qc7 31. Bd1 Rf8 32. h3 f5 33. Qg3 Kh7 34. Nf3 Nxf3 35.
gxf3 f4 36. Qg2 Be5 37. Rg1 Qg7 38. Bxe5 dxe5 39. Kh2 Qf6 40. Qg5 Rf7 41. Qxf6
Rxf6 42. Rg5 Rc5 43. b4 Rc3 44. Rd3 Rc6 45. Rxe5 Bc4 46. Rd7+ Kh6 47. Ree7 Rfd6
48. Kg2 Be6 1/2-1/2

[Event "40th Olympiad Open"]
[Site "Istanbul TUR"]
[Date "2012.08.29"]
[Round "2.52"]
[Board "2"]
[White "Puntier, William"]
[Black "Gajadin, Dewperkash"]
[Result "1-0"]
[WhiteTitle "FM"]
[BlackTitle "FM"]
[WhiteElo "2312"]
[BlackElo "2185"]
[WhiteTeam "Dominican Republic"]
[BlackTeam "Suriname"]
[WhiteFideId "6400299"]
[BlackFideId "8200041"]
[EventDate "2012.08.28"]

1. e4 e5 2. Nf3 Nc6 3. Bb5 a6 4. Ba4 Nf6 5. O-O Be7 6. Qe2 b5 7. Bb3 d6 8. c3
O-O 9. Rd1 Na5 10. Bc2 c5 11. d4 Qc7 12. d5 Nc4 13. a4 Bd7 14. b3 Na5 15. Nbd2
Rfb8 16. Bd3 g6 17. axb5 axb5 18. Ba3 Nh5 19. g3 Ng7 20. b4 c4 21. bxa5 cxd3 22.
Qxd3 Rxa5 23. Bb4 Rxa1 24. Rxa1 f6 25. Qc2 Qb7 26. Qa2 Kf7 27. Nb3 f5 28. Na5
Qc8 29. Nc6 Bxc6 30. dxc6+ Qe6 31. Qa7 Qc8 32. Bxd6 Ra8 1-0

[Event "40th Olympiad Open"]
[Site "Istanbul TUR"]
[Date "2012.08.29"]
[Round "2.52"]
[Board "3"]
[White "Giasi, Viresh"]
[Black "Flaquer, Luis"]
[Result "1/2-1/2"]
[BlackTitle "FM"]
[WhiteElo "1975"]
[BlackElo "2297"]
[WhiteTeam "Suriname"]
[BlackTeam "Dominican Republic"]
[WhiteFideId "8200165"]
[BlackFideId "6400485"]
[EventDate "2012.08.28"]

1. c4 Nf6 2. Nc3 g6 3. d4 d5 4. Bg5 Bg7 5. Bxf6 Bxf6 6. Nxd5 Bg7 7. e3 c5 8. Ne2
Nc6 9. Qd2 cxd4 10. exd4 e6 11. Ndc3 Nxd4 12. Nxd4 Qxd4 13. Qxd4 Bxd4 14. Rc1
Bd7 15. Be2 Bc6 16. O-O Ke7 17. b4 Rhd8 18. b5 Be8 19. Bf3 Rac8 20. Ne2 b6 21.
a4 Bg7 22. Ng3 Rd4 23. Be2 f5 24. Rfd1 Kd6 25. Nf1 Kc5 26. Nd2 Rxd2 27. Rxd2 Bh6
28. Rcd1 Bxd2 29. Rxd2 Rc7 30. Kf1 Rd7 31. Ke1 Rxd2 32. Kxd2 Kb4 33. f4 Bd7 34.
Kd3 Kxa4 35. Kc3 Bc8 36. Bf3 a6 37. bxa6 Bxa6 38. Bc6+ Ka3 39. Bd7 Bb7 40. g3
Bf3 41. Bxe6 Bh5 42. Bd7 Bf3 43. Be8 Bh5 44. Bf7 Ka4 45. Bg8 h6 46. Bf7 Ka5 47.
Be8 Ka6 48. Kb4 Kb7 49. Kb5 Kc7 50. Bf7 Kb7 51. h4 Kc7 52. Be8 Kd8 53. Bc6 Kc7
54. Bd5 Be2 55. Be6 Bf3 56. Bf7 Bh5 57. c5 bxc5 58. Kxc5 Kd7 59. Kd5 Ke7 60. Be6
Kf6 61. Bc8 Bd1 62. Kd4 1/2-1/2

[Event "40th Olympiad Open"]
[Site "Istanbul TUR"]
[Date "2012.08.29"]
[Round "2.52"]
[Board "4"]
[White "Fernandez, Francis"]
[Black "Matoewi, Roger"]
[Result "0-1"]
[WhiteTitle "FM"]
[BlackTitle "CM"]
[WhiteElo "2289"]
[BlackElo "2089"]
[WhiteTeam "Dominican Republic"]
[BlackTeam "Suriname"]
[WhiteFideId "6400698"]
[BlackFideId "8200084"]
[EventDate "2012.08.28"]

1. d4 Nf6 2. c4 g6 3. Nc3 Bg7 4. e4 d6 5. f3 O-O 6. Be3 Nc6 7. Nge2 e5 8. Qd2
Re8 9. d5 Ne7 10. O-O-O a5 11. h4 Nd7 12. h5 Nc5 13. Kb1 Bd7 14. hxg6 fxg6 15.
Nc1 b6 16. g4 a4 17. a3 Rf8 18. Be2 Rf7 19. Rh2 Bh8 20. Rdh1 Qf8 21. Bg5 Rb8 22.
Rh6 b5 23. cxb5 Nc8 24. Bc4 Nb6 25. Qh2 Qg7 26. Ba2 Nc8 27. Be3 Nb7 28. Qh4 Be8
29. Bc4 Nb6 30. Bxb6 cxb6 31. Nxa4 Rc7 32. Be2 Nc5 33. Nc3 Qe7 34. g5 Rbb7 35.
Bf1 Qf7 36. Qf2 Qf4 37. Nd3 Nxd3 38. Bxd3 Qxg5 39. R6h2 Qf6 40. Bf1 h5 41. Bh3
Bg7 42. Rg1 Bh6 43. Be6+ Kh7 44. Qg2 Rg7 45. Qf2 Qf4 46. Re1 Rgc7 47. a4 Rc4 48.
Qg2 Rg7 49. Qf2 Rc5 50. Qe2 Qf6 51. Qd3 Qe7 52. Rc2 Qa7 53. b4 Rcc7 54. Kb2 Rxc3
55. Qxc3 Qxa4 56. Ra1 Qxb5 57. Ra8 Bd7 58. Qc4 Be3 59. Qxb5 Bxb5 60. Rac8 Bd4+
61. Kc1 Be3+ 62. Kb2 Bd4+ 63. Kb3 Kh6 64. R8c7 Rxc7 65. Rxc7 Kg5 66. Rf7 Kh4 67.
Kc2 g5 68. Kd2 Kg3 69. Rf5 Kh4 70. Rf6 Kg3 71. Rf5 Kh4 72. Bf7 Bf2 73. Rf6 Bg3
74. Rh6 Bf4+ 75. Ke1 g4 76. Rxh5+ Kg3 77. fxg4 Kxg4 78. Rh8 Kf3 79. Bg6 Ke3 80.
Rh3+ Kd4 81. Rb3 Bc4 82. Ra3 Bd3 83. b5 Bxb5 84. Kf2 Bc4 85. Ra7 Bd2 86. Rd7 Bb4
87. Rb7 Bc5 88. Kf3 Bd3 89. Bf5 b5 90. Kg4 b4 91. Kf3 Kc3 92. Bd7 Kd4 93. Ba4
Bxe4+ 0-1

[Event "40th Olympiad Open"]
[Site "Istanbul TUR"]
[Date "2012.08.29"]
[Round "2.53"]
[Board "1"]
[White "Jere, Daniel"]
[Black "Rosenbeiger, Alan"]
[Result "1-0"]
[WhiteTitle "FM"]
[WhiteElo "2382"]
[BlackElo "2151"]
[WhiteTeam "Zambia"]
[BlackTeam "Jersey"]
[WhiteFideId "8700249"]
[BlackFideId "1109448"]
[EventDate "2012.08.28"]

1. c4 d6 2. g3 g6 3. Bg2 Bg7 4. Nc3 c6 5. e4 e5 6. Nge2 Be6 7. d3 Qd7 8. O-O Bh3
9. f4 Bxg2 10. Kxg2 Ne7 11. Be3 h5 12. h3 f5 13. h4 b6 14. d4 fxe4 15. fxe5 Nf5
16. Qd2 dxe5 17. d5 Na6 18. Rad1 Nc7 19. Bg5 e3 20. Qd3 O-O 21. Qe4 c5 22. Bxe3
Ne8 23. Qd3 Nf6 24. Ne4 Nxe4 25. Qxe4 Kh7 26. Nc3 Nd6 27. Qd3 Qg4 28. Bg5 Qxc4
29. Qxc4 Nxc4 30. Ne4 Bh6 31. b3 Ne3+ 32. Bxe3 Bxe3 33. d6 Kg7 34. Rxf8 Kxf8 35.
Rd3 Bd4 36. Rf3+ Kg8 37. Rf6 Kg7 38. Re6 a5 39. Re7+ Kf8 40. Ng5 e4 41. Ne6+ Kg8
42. d7 1-0

[Event "40th Olympiad Open"]
[Site "Istanbul TUR"]
[Date "2012.08.29"]
[Round "2.53"]
[Board "2"]
[White "Kahn, Tito"]
[Black "Chumfwa, Stanley"]
[Result "0-1"]
[WhiteElo "2049"]
[BlackElo "2347"]
[WhiteTeam "Jersey"]
[BlackTeam "Zambia"]
[WhiteFideId "15600084"]
[BlackFideId "8700117"]
[EventDate "2012.08.28"]

1. d4 Nf6 2. Nf3 g6 3. Nc3 d5 4. Bf4 Bg7 5. e3 O-O 6. Be2 Nbd7 7. Ne5 c5 8. Nxd7
Bxd7 9. dxc5 Qa5 10. O-O Qxc5 11. Be5 e6 12. Bd3 Rfd8 13. Qf3 Ne8 14. Bxg7 Kxg7
15. Ne2 Nf6 16. Qf4 Rac8 17. Rfd1 Qc7 18. Qxc7 Rxc7 19. f3 b5 20. c3 Rb8 21.
Rac1 h5 22. Kf2 a6 23. Nd4 e5 24. Nb3 Be6 25. h3 Nd7 26. e4 dxe4 27. Bxe4 Kf8
28. Bd5 Ke7 29. Na5 Rb6 30. Bxe6 Kxe6 31. Nb3 h4 32. Re1 g5 33. Rcd1 Nc5 34.
Nd4+ Kf6 35. Nc2 Rd7 36. Rxd7 Nxd7 37. Rd1 Ke6 38. Ke2 Nf6 39. Ne3 Rd6 40. Rxd6+
Kxd6 41. Kd3 Nh5 42. c4 Nf4+ 43. Kc3 bxc4 44. Kxc4 e4 45. fxe4 Ke5 46. Nf5 Nxg2
47. b4 Kxe4 48. Nd6+ Kf4 49. b5 axb5+ 50. Nxb5 g4 51. Nd4 gxh3 52. Ne2+ Ke3 53.
Kd5 0-1

[Event "40th Olympiad Open"]
[Site "Istanbul TUR"]
[Date "2012.08.29"]
[Round "2.53"]
[Board "3"]
[White "Bwalya, Gillan"]
[Black "Jouault, Louis"]
[Result "1-0"]
[WhiteElo "2256"]
[BlackElo "1966"]
[WhiteTeam "Zambia"]
[BlackTeam "Jersey"]
[WhiteFideId "8700257"]
[BlackFideId "15600130"]
[EventDate "2012.08.28"]

1. d4 Nf6 2. c4 e6 3. Nc3 Bb4 4. Qc2 d5 5. e3 O-O 6. a3 Bxc3+ 7. bxc3 c5 8. Nf3
Nc6 9. Bd3 dxc4 10. Bxc4 Re8 11. O-O h6 12. Rd1 cxd4 13. cxd4 Bd7 14. e4 Rc8 15.
Qd3 a6 16. Ba2 Qa5 17. e5 Nh7 18. Nd2 Ne7 19. Nc4 Rxc4 20. Bxc4 Rc8 21. Bd2 Qd8
22. Bb4 Nf5 23. d5 Ba4 24. Rd2 b5 25. Ba2 a5 26. Bc3 Qc7 27. dxe6 Kf8 28. Qxf5
Ng5 29. e7+ Ke8 30. e6 Qxc3 31. exf7+ Kxe7 32. f8=Q+ Rxf8 33. Re1+ 1-0

[Event "40th Olympiad Open"]
[Site "Istanbul TUR"]
[Date "2012.08.29"]
[Round "2.53"]
[Board "4"]
[White "Mooney, Graham"]
[Black "Kayonde, Andrew"]
[Result "0-1"]
[WhiteElo "1938"]
[BlackElo "2180"]
[WhiteTeam "Jersey"]
[BlackTeam "Zambia"]
[WhiteFideId "15600106"]
[BlackFideId "8700281"]
[EventDate "2012.08.28"]

1. e4 g6 2. d4 Bg7 3. Nf3 d6 4. Nc3 a6 5. Be3 b5 6. a3 Bb7 7. Be2 Nd7 8. Nd2 c5
9. Nb3 cxd4 10. Bxd4 Ngf6 11. f3 O-O 12. O-O Rc8 13. Qe1 e5 14. Be3 d5 15. exd5
Nxd5 16. Nxd5 Bxd5 17. Bd3 Qe7 18. Bd2 Qe6 19. Bb4 Rfe8 20. Nd2 f5 21. Qh4 Bf6
22. Qh3 Qb6+ 23. Kh1 a5 24. Bc3 b4 25. axb4 axb4 26. Ra6 Qb7 27. Rxf6 Nxf6 28.
Qh4 bxc3 29. bxc3 Kg7 30. c4 e4 31. fxe4 Bxe4 32. Bxe4 Nxe4 33. Nf3 Qe7 0-1

[Event "40th Olympiad Open"]
[Site "Istanbul TUR"]
[Date "2012.08.29"]
[Round "2.54"]
[Board "1"]
[White "Ferster, Fabian"]
[Black "De La Riva Aguado, Oscar"]
[Result "1/2-1/2"]
[BlackTitle "GM"]
[WhiteElo "2144"]
[BlackElo "2540"]
[WhiteTeam "Liechtenstein"]
[BlackTeam "Andorra"]
[WhiteFideId "4695330"]
[BlackFideId "6900224"]
[EventDate "2012.08.28"]

1. c4 g6 2. g3 Bg7 3. Bg2 f5 4. Nc3 Nf6 5. d3 O-O 6. e4 d6 7. Nge2 Nc6 8. O-O e5
9. Rb1 a5 10. b3 h6 11. f4 Be6 12. Nd5 Qd7 13. Bb2 Rae8 14. Qd2 Kh7 15. Nxf6+
Bxf6 16. d4 exd4 17. Nxd4 fxe4 18. Bxe4 Nxd4 19. Bxd4 Bf5 20. Bxf5 Bxd4+ 21.
Qxd4 gxf5 22. Rfe1 b6 23. Qd5 Kg6 24. Kf2 Rxe1 25. Rxe1 Re8 26. Rxe8 Qxe8 27. h3
h5 28. g4 hxg4 29. hxg4 fxg4 30. Qg5+ Kh7 31. Qxg4 Qe4 32. Qh5+ Kg7 33. Qg5+ Kh7
34. Kg3 c6 35. Kg4 Qe2+ 36. Kf5 Qe8 37. Kf6 Qf8+ 38. Ke6 d5 39. cxd5 Qc8+ 40.
Kd6 cxd5 41. Kxd5 Qc5+ 42. Ke4 Qc2+ 43. Kd4 Qxa2 44. Qe7+ Kg8 45. Qe6+ Kf8 46.
f5 Qd2+ 47. Ke5 Qd8 48. Qh6+ Kg8 49. Qg6+ Kf8 50. Qh6+ Kg8 51. Qd6 Qe8+ 52. Qe6+
Kf8 53. Kd6 b5 54. Qf6+ Kg8 55. Qe6+ Kf8 56. Qf6+ Kg8 57. Qe7 Qf7 58. Qxf7+ Kxf7
59. Kc5 a4 60. bxa4 bxa4 61. Kb4 Kf6 62. Kxa4 Ke5 1/2-1/2

[Event "40th Olympiad Open"]
[Site "Istanbul TUR"]
[Date "2012.08.29"]
[Round "2.54"]
[Board "2"]
[White "Simonet, Marc"]
[Black "Kobler, Mario"]
[Result "1/2-1/2"]
[WhiteTitle "FM"]
[WhiteElo "2291"]
[BlackElo "2099"]
[WhiteTeam "Andorra"]
[BlackTeam "Liechtenstein"]
[WhiteFideId "6900127"]
[BlackFideId "12000094"]
[EventDate "2012.08.28"]

1. d4 Nf6 2. c4 g6 3. Nc3 d5 4. Nf3 Bg7 5. cxd5 Nxd5 6. e4 Nxc3 7. bxc3 O-O 8.
Be2 c5 9. Rb1 Qc7 10. O-O Rd8 11. Qb3 Nc6 12. d5 Na5 13. Qa3 f5 14. c4 b6 15. e5
Ba6 16. Qa4 Rxd5 17. cxd5 Bxe2 18. Re1 Bd3 19. Rb2 c4 20. Bf4 Qd8 21. Qb5 Rc8
22. d6 Rc5 23. dxe7 Qxe7 24. Qa4 h6 25. Rb5 Qe8 26. Rxa5 b5 27. Qa3 Bf8 28. Rxa7
g5 29. e6 Be4 30. e7 Bxe7 31. Ra8 Qxa8 32. Qxa8+ Bxa8 33. Rxe7 gxf4 34. Re8+ Kf7
35. Rxa8 c3 36. Ne1 c2 37. Nxc2 Rxc2 38. h3 Rc1+ 39. Kh2 Rc2 40. Kg1 Rc1+ 41.
Kh2 Rc2 42. Kg1 Rc1+ 1/2-1/2

[Event "40th Olympiad Open"]
[Site "Istanbul TUR"]
[Date "2012.08.29"]
[Round "2.54"]
[Board "3"]
[White "Mannhart, Marcel"]
[Black "Garcia, Raul"]
[Result "1-0"]
[BlackTitle "FM"]
[WhiteElo "2066"]
[BlackElo "2193"]
[WhiteTeam "Liechtenstein"]
[BlackTeam "Andorra"]
[WhiteFideId "12000108"]
[BlackFideId "6900020"]
[EventDate "2012.08.28"]

1. Nc3 c5 2. e4 e6 3. Nf3 a6 4. g3 d6 5. Bg2 b5 6. O-O Bb7 7. d3 Be7 8. Ne1 Qc7
9. f4 Nc6 10. Nf3 Nf6 11. Ne2 O-O 12. Kh1 Rac8 13. Be3 Qb8 14. Nd2 d5 15. e5 Ng4
16. Bg1 Nh6 17. c3 b4 18. d4 bxc3 19. bxc3 cxd4 20. cxd4 Na5 21. Rb1 Nc4 22.
Nxc4 Rxc4 23. Qb3 Rb4 24. Qd3 Bc6 25. Rxb4 Qxb4 26. Rb1 Qa5 27. Qc3 Qxc3 28.
Nxc3 Rc8 29. Bf1 a5 30. Bd3 Bb4 31. Ne2 Ba4 32. Kg2 g6 33. Kf3 Kf8 34. g4 Ke8
35. Be3 Ng8 36. f5 Ne7 37. fxe6 fxe6 38. a3 Bc3 39. Bb5+ Bxb5 40. Rxb5 a4 41.
Rb6 Ba1 42. Rxe6 Rc6 43. Nf4 Rxe6 44. Nxe6 Bb2 45. Nc5 Nc6 46. Nxa4 Nxd4+ 47.
Kf2 Ba1 48. Nb6 Nb5 49. Nxd5 Nxa3 50. e6 Nb5 51. Kf3 Nc3 52. Nxc3 Bxc3 53. Ke4
Ke7 54. Kd5 Bf6 55. Bc5+ Ke8 56. Bf2 Ke7 57. h3 Bc3 58. Bc5+ Ke8 59. Bd4 Bb4 60.
Bf6 Ba5 61. h4 Bb4 62. h5 Ba3 63. Bg5 Bb4 64. Ke4 Ba3 65. Bh4 Bb4 66. Ke5 Bc3+
67. Kd5 Bb2 68. Be1 Ba3 69. Bc3 Ke7 70. Bd2 Bb2 71. Bb4+ Ke8 72. Kd6 Bf6 73. Bd2
Bb2 74. Be3 Bc3 75. Bc5 Bb2 76. e7 Bc3 77. Ke6 Bb2 78. Be3 Bc3 79. Bg5 Bd4 80.
hxg6 hxg6 81. Bf6 Bc5 82. Bg5 Bd4 83. Bh4 Bc3 84. Bf6 Bb4 85. Bg5 Bc3 86. Bf4
Bb4 87. Bd6 Bc3 88. Be5 Bb4 89. Kf6 Bxe7+ 90. Kxg6 Kf8 91. Bf6 Bc5 92. Kh7 Be3
93. Bg7+ Kf7 94. Bh6 Bd4 95. g5 Ke6 96. g6 Bf6 97. Bg7 Be7 98. Bc3 Bf8 99. Bd2
Kf6 100. Bh6 1-0

[Event "40th Olympiad Open"]
[Site "Istanbul TUR"]
[Date "2012.08.29"]
[Round "2.54"]
[Board "4"]
[White "Jose Queralto, Daniel"]
[Black "Muendle, Kurt"]
[Result "1-0"]
[WhiteElo "2133"]
[BlackElo "1893"]
[WhiteTeam "Andorra"]
[BlackTeam "Liechtenstein"]
[WhiteFideId "6900089"]
[BlackFideId "12000159"]
[EventDate "2012.08.28"]

1. e4 e6 2. d4 d5 3. Bd3 c5 4. exd5 exd5 5. dxc5 Bxc5 6. Nc3 Ne7 7. Nf3 Nbc6 8.
O-O h6 9. Bf4 Bd6 10. Qd2 a6 11. Rad1 Bxf4 12. Qxf4 Be6 13. Bc4 Qa5 14. Bb3 O-O
15. Rd2 Rad8 16. Rfd1 Rd7 17. Nd4 Qc7 18. Qxc7 Rxc7 19. Nde2 Na5 20. Bxd5 Bxd5
21. Nxd5 Nxd5 22. Rxd5 Nc4 23. b3 Na3 24. c4 b5 25. cxb5 axb5 26. Nd4 Rfc8 27.
Nxb5 Nxb5 28. Rxb5 Rc2 29. a4 Ra2 30. a5 Rcc2 31. Rf1 Rcb2 32. b4 Ra4 33. Rb6
Raxb4 34. Rxb4 Rxb4 35. Ra1 Rb7 36. Kf1 Kf8 37. Ke2 Ke7 38. Kd3 Kd6 39. a6 Ra7
40. Kc4 Kc6 41. Ra2 Kb6 42. Kb4 g6 43. h4 h5 44. g3 f6 45. Re2 Rf7 46. Re6+ Ka7
47. Kc4 g5 48. Kd4 gxh4 49. gxh4 f5 50. Rh6 f4 51. Ke4 Re7+ 52. Kxf4 Rf7+ 53.
Kg5 Rxf2 54. Kxh5 Rb2 55. Rg6 Rb4 56. Kg5 Rb5+ 57. Kh6 Rb8 58. h5 Rc8 59. Kh7
Rd8 60. h6 Rc8 61. Rf6 Rc1 62. Kg7 1-0

[Event "40th Olympiad Open"]
[Site "Istanbul TUR"]
[Date "2012.08.29"]
[Round "2.55"]
[Board "1"]
[White "Dive, Russell John"]
[Black "Hamal, Manish"]
[Result "1-0"]
[WhiteTitle "IM"]
[BlackTitle "FM"]
[WhiteElo "2334"]
[BlackElo "2118"]
[WhiteTeam "New Zealand"]
[BlackTeam "Nepal"]
[WhiteFideId "4300106"]
[BlackFideId "12300110"]
[EventDate "2012.08.28"]

1. c4 Nf6 2. g3 d5 3. cxd5 Nxd5 4. Bg2 e5 5. Nc3 Nb6 6. Nf3 Nc6 7. a3 Be6 8. d3
Be7 9. O-O O-O 10. b4 f6 11. Bb2 Qd7 12. Re1 Rad8 13. Rc1 a5 14. b5 Nd4 15. Nxd4
exd4 16. Ne4 Qxb5 17. Rxc7 Nd5 18. Rc2 Rc8 19. Rxc8 Rxc8 20. Bxd4 Bxa3 21. Qa1
Qb4 22. Rb1 Qe7 23. Nc3 Nxc3 24. Bxc3 b6 25. Rxb6 a4 26. Be4 Bb3 27. Kg2 Bc5 28.
Rb7 Qe6 29. Rb5 Qd7 30. Rb7 Qe6 31. Rb5 Qd7 32. Ra5 Qc7 33. Bd2 Qb6 34. Qc3 Be6
35. Rxa4 Bxf2 36. Qb4 Qxb4 37. Rxb4 Bc5 38. Rb7 Bd4 39. Bf3 Rc2 40. Bb4 Rc1 41.
h3 Rg1+ 42. Kh2 Rb1 43. g4 g6 44. Bd2 Rb2 45. Rxb2 Bxb2 46. Kg3 Kf7 47. Ba5 Bb3
48. Bb6 f5 49. gxf5 gxf5 50. Kf4 Ke6 51. Kg5 Bg7 52. Bb7 Bd1 53. e3 Bf6+ 54. Kh6
Kd7 55. Kxh7 Be2 56. Kg6 Be7 57. Ba6 Bf1 58. Kxf5 Bxh3+ 59. Ke5 Bd6+ 60. Kd5
Be6+ 61. Ke4 Bh3 62. Bb5+ Ke7 63. Kd4 Bg3 64. Bc4 Bc8 65. Bc5+ Kd7 66. Bd5 Ba6
67. Ke4 Bh2 68. d4 Bf1 69. Kf5 Bh3+ 70. Kf6 Bg1 71. e4 Bg2 72. Be6+ Kc6 73. e5
Bf2 74. Bb3 Bf3 75. e6 Bh5 76. Kg5 Be2 77. e7 Be3+ 78. Kg6 Bc1 1-0

[Event "40th Olympiad Open"]
[Site "Istanbul TUR"]
[Date "2012.08.29"]
[Round "2.55"]
[Board "3"]
[White "Garbett, Paul Anthony"]
[Black "Shrestha, Keshav"]
[Result "0-1"]
[WhiteTitle "IM"]
[BlackTitle "CM"]
[WhiteElo "2276"]
[BlackElo "2127"]
[WhiteTeam "New Zealand"]
[BlackTeam "Nepal"]
[WhiteFideId "4300122"]
[BlackFideId "12300055"]
[EventDate "2012.08.28"]

1. e4 e5 2. Nf3 Nc6 3. Bb5 a6 4. Ba4 Nf6 5. O-O Be7 6. d3 b5 7. Bb3 d6 8. a4 Bb7
9. Bd2 b4 10. a5 O-O 11. c4 bxc3 12. Nxc3 Rb8 13. Nd5 Na7 14. Nxe7+ Qxe7 15. Bc4
Bc8 16. b4 Nb5 17. h3 h6 18. Re1 Re8 19. Rc1 Be6 20. Bxe6 fxe6 21. Rc6 Ra8 22.
Qa1 Rf8 23. d4 Nd7 24. d5 exd5 25. Qa2 Qf7 26. Qxd5 Qxd5 27. exd5 Nf6 28. Rd1
Nxd5 29. Rc4 Nf6 30. Be3 Rfe8 31. Kf1 Re7 32. Rc6 Ree8 33. Ke2 Ne4 34. Rd3 d5
35. Nh4 d4 36. Bc1 Rf8 37. f3 Nec3+ 38. Ke1 e4 39. Rxd4 Nxd4 40. Rxc3 exf3 41.
Nxf3 Rae8+ 42. Kf1 Rb8 43. Kf2 Rxb4 44. Rxc7 Rb5 45. Bd2 Rb2 46. Ke3 Nb5 47. Re7
Rb3+ 48. Ke2 Rd8 49. Bf4 Nc3+ 50. Kf2 Nd5 51. Re4 Nxf4 52. Rxf4 Rb5 53. Ra4 Rdd5
54. Rc4 Rxa5 55. Rc8+ Kh7 56. g4 Ra2+ 57. Ke3 Ra3+ 58. Ke4 Rdd3 59. Nd4 Rxd4+
60. Kxd4 Rxh3 61. Ke5 Rf3 62. Ra8 Rf6 63. Ra7 Kg6 64. Ke4 Rf7 65. Rxa6+ Kg5 0-1